000 006250000a22002170004500
003 dpl
005 2008102909509.0
008 081029t xxu||||| |||| 00| 0 eng d
010 _aENG-84593
020 _a8182201810
020 _c470.00 (hb)
035 _aEN-68126
082 _a793.31
245 _aThe Mahabharata in Kathakali dance drama /
_ctranslated by David Bolland; edited by N K Singh
260 _aNew Delhi
_bGlobal Vision Publishing House
260 _c2006
300 _aviii,133p
_c22cm
700 _aBolland, David
_ctr
700 _aSingh, N K
_ced
942 _2ddc
_cEN
_h793.31
_mMAH
999 _c17897
_d17897